Visualizzazione normale
Vista MARC
- Harburg E. Y.
di Personal Name
Records bibliografici associati: 1
001 - CONTROL NUMBER
- control field: 20415
003 - CONTROL NUMBER IDENTIFIER
- control field: IT-RoPau
005 - DATE AND TIME OF LATEST TRANSACTION
- control field: 20140411212711.0
008 - FIXED-LENGTH DATA ELEMENTS
- fixed length control field: 140411|| aca||aabn | a|a d
040 ## - CATALOGING SOURCE
- Original cataloging agency: IT-RoPau
- Transcribing agency: IT-RoPau
100 ## - HEADING--PERSONAL NAME
- Personal name: Harburg E. Y.
- Miscellaneous information: Codice autore SPICS: 15671
- Relator term: Autore musica
- Name of part/section of a work: Sopra l'arcobaleno (da "Il mago di Oz")
670 ## - SOURCE DATA FOUND
- Source citation: Work cat.: (IT-RoPau)102599: AA.VV. 794, Motivi celebri di tutto il mondo (03)